LEADER 00901nam a2200253 i 4500 001 000000173390 003 CaOOAMICUS 005 20081107000000.0 008 081107s1978 it u000 u ita u 013 $a150843 040 $aSeMil$bita 100 1 $aCimatti, Pietro.$0(OLS)http://semarc/name/58978 245 10$aStanze sulla polveriera /$cPietro Cimatti. 260 $aMilano :$bRusconi,$c1978. 300 $a152 p. ;$c20 cm. 490 0 $aCollana di poesia ;$v19 500 $aFondo Card. Giovanni Colombo. 830 0$aCollana di poesia ;$v19.$0(OLS)http://semarc/title/7821 850 $aSeMil 852 $aSeMil$W1$xVenegono$y1$m1O II 163$j124235$B124235$CSeMilBibl$Z2$F139663 $81 941 1 $a3 961 $aLascito: Colombo Card. Giovanni 996 $6245$aStanze sulla polveriera$9(OLS)http://semarc/title/248368 996 $6260$aMilano :$bRusconi$9(OLS)http://semarc/publisher/30258 LEADER 00922nam a2200217 i 4500 001 000000114592 003 CaOOAMICUS 005 20030422000000.0 008 030422n it u000 u ita u 013 $a87279 040 $aSeMil$bita 245 10$aApparati critici e glossario. 300 $a455 p. 490 0 $aNuova raccolta di classici italiani annotati ;$v6.* 700 1 $aMaggi, Carlo Maria,$d<1630-1699>.$0(OLS)http://semarc/name/4534 773 0 $aMaggi, Carlo Maria <1630-1699>$tTeatro milanese.$dTorino : Einaudi, 1964.$kNuova raccolta di classici italiani annotati$g2$w()9147 830 0$aNuova raccolta di classici italiani annotati ;$v6.*.$0(OLS)http://semarc/title/12077 850 $aSeMil 852 $aSeMil$W1$xVenegono$y1$m1D VI 122$j70148$B70148$CSeMilBibl$Z2$F102596 $81 961 $aOmaggio: Martini Card. Carlo Maria 996 $6245$aApparati critici e glossario$9(OLS)http://semarc/title/167544